Tropical mariculture

Na minha lista:
Detalhes bibliográficos
Formato: Livro
Idioma:Undetermined
Publicado em: San Diego, CA Academic Press 1998
Assuntos:
Tags: Adicionar Tag
Sem tags, seja o primeiro a adicionar uma tag!
Thư viện lưu trữ: Trung tâm Học liệu Trường Đại học Cần Thơ
LEADER 00565nam a2200205Ia 4500
001 CTU_67651
008 210402s9999 xx 000 0 und d
020 |b 91 
082 |a 639.8 
082 |b T856 
245 0 |a Tropical mariculture 
245 0 |c Edited by Sena S. de Silva 
260 |a San Diego, CA 
260 |b Academic Press 
260 |c 1998 
526 |a Chuyên đề tổng hợp kiến thức chuyên ngành 
526 |b TSN603 
650 |a Mariculture 
904 |i Minh 
980 |a Trung tâm Học liệu Trường Đại học Cần Thơ